000 00614nam a2200205Ia 4500
001 8453
003 GE_BSU
008 181216s||||||||xx |||||||||||||| ||und||
040 _cGE_BSU
080 _a821.353.1-32
100 _aვაჟა-ფშაველა
245 _aრჩეული მოთხრობები.
245 _cრედ.: ალ. გომიაშვილი
260 _aთბილისი.
260 _bსაბლიტგამი.
260 _c1948
300 _a229 გვ; 20 სმ.
653 _aრჩეული მოთხრობები.
942 _cBK
999 _c41772
_d41772